000 00596nam a22001697a 4500
999 _c178110
_d178110
010 _aMAL-9235
020 _a978-93-5390-371-8
_c110.00
035 _aMA-8692
082 _a894.8123
_bGRA
100 _aഗ്രേസി
245 _aരണ്ടു ചരിത്രകാരന്മാരും ഒരു യുവതിയും
_cഗ്രേസി
246 _aRANDU CHARITHRAKARANMARUM ORU YUVATHIYUM
260 _aKottayam Kerala
_bDC books
_c2020
270 _aDc books Kottayam Kerala
300 _a94p.
_b20cm(pbk)
942 _2ddc
_cMA
_h894.8123
_mGRA